[Event "SA-2014-0-00440"]
[Site "LSS email"]
[Date "2014.10.29"]
[Round "?"]
[White "Hicdoenmez, Hakan"]
[Black "Corti, Horacio"]
[Result "0-1"]
[WhiteElo "2168"]
[BlackElo "2242"]
[PlyCount "28"]
[EventDate "2014.10.08"]
[EventType "tourn (corr)"]
[EventRounds "6"]
[EventCountry "GER"]
[SourceTitle "Corr 2022"]
[Source "ChessBase"]
[SourceDate "2021.10.24"]
[SourceVersion "1"]
[SourceVersionDate "2021.10.24"]
[SourceQuality "1"]

1. e4 e5 2. Nf3 Nc6 3. d4 exd4 4. Nxd4 Bc5 5. Nb3 Bb6 6. Nc3 Nf6 7. Bb5 0-0 8. 0-0 d6 9. Bg5 h6 10. Bh4 Ne5 11. Bxf6 Qxf6 12. Nd5 Qh4 13. Nxb6 axb6 14. f3 Rd8 0-1

[Event "SA-2014-0-00440"]
[Site "LSS email"]
[Date "2014.10.29"]
[Round "?"]
[White "Hicdoenmez, Hakan"]
[Black "Sorcinelli, Andrea"]
[Result "0-1"]
[WhiteElo "2168"]
[BlackElo "2174"]
[PlyCount "24"]
[EventDate "2014.10.08"]
[EventType "tourn (corr)"]
[EventRounds "6"]
[EventCountry "GER"]
[SourceTitle "Corr 2022"]
[Source "ChessBase"]
[SourceDate "2021.10.24"]
[SourceVersion "1"]
[SourceVersionDate "2021.10.24"]
[SourceQuality "1"]

1. e4 c5 2. Nf3 d6 3. d4 cxd4 4. Nxd4 Nf6 5. Nc3 a6 6. Be2 e6 7. Be3 Be7 8. Qd2 0-0 9. 0-0-0 b5 10. f3 b4 11. Na4 Qa5 12. b3 Bd7 0-1